Perchè non mi definisco gay (Record n. 358250)

Dettagli MARC
000 -LEADER
campo di controllo lung. fissa 02064nam a22002057a 4500
003 - Identificatore del numero di controllo
campo di controllo IT-MiCISF
005 - Data e orario dell'ultima transazione
campo di controllo 20190416115448.0
008 - Elementi di lunghezza fissa--Informazione generale
campo di controllo lung. fissa 190416b ||||| |||| 00| 0 eng d
040 ## - Fonte della catalogazione
Agenzia che fa la trascrizione IT-MiCISF
041 ## - Codice di lingua
Codice di lingua del testo/traccia sonora o titolo separato it
100 ## - Accesso principale -- nome di persona
Nome di persona Mattson Daniel C.
9 (RLIN) 57807
245 ## - Formulazione del titolo
Titolo Perchè non mi definisco gay
Complemento del titolo Come mi sono riappropriato della mia realtà sessuale e ho trovato la pace
260 ## - Pubblicazione, distribuzione, ecc. (stampa)
Luogo di pubblicazione, distribuzione, ecc. Siena
Nome dell'editore, distributore, ecc. Cantagalli
Data di pubblicazione, distribuzione, ecc. 2018
300 ## - Descrizione fisica
Estensione pp. 347
500 ## - Nota generale
Nota generale omosessualità, fede, chiesa, esperienze
520 ## - Riassunto, ecc.
Nota di riassunto, ecc. Daniel un tempo credeva di "essere gay". Nato e cresciuto nel Michigan, in una famiglia cristiana, è sempre stato consapevole, fin dall'età di sei anni, della sua attrazione per gli uomini. Per anni ha vissuto in una costante tensione tra la fede in Dio e le sue attrazioni sessuali. Ma il conflitto tra i suoi desideri e gli insegnamenti della Chiesa era troppo forte, così ne dedusse di "essere gay" e iniziò una relazione con un uomo. Eppure libertà e felicità continuavano a sfuggirgli. Quelli del liceo sono anni di dubbi, di pianti, di sofferenza. È giusto definire l'identità di una persona solo in base alle sue preferenze sessuali? Etichettarsi come fossimo soltanto un prodotto delle nostre attrazioni sessuali? È corretto "definirsi gay"? Per anni, questa etichetta è stata per Dan la sua prigione. Prenderne consapevolezza lo ha reso finalmente un uomo libero: libero di accettare la sua omosessualità e non per questo sentirsi in colpa; libero di rifiutare di definire se stesso in modo riduttivo. Perché oltre la nostra sessualità, oltre ogni ideologia, esiste una verità sull'identità di ciascuno di noi: siamo fatti a immagine di chi ci ha creati, di chi ci ha amato e ci ama da sempre così come siamo. Una biografia sincera, in cui Mattson ci racconta il suo viaggio di andata e ritorno dall'identità gay e di come oggi ha finalmente ritrovato la serenità. Ma più di ogni altra cosa, la sua libertà. Prefazione del cardinale Roberto Sarah.
650 ## - Accesso aggiunto di soggetto--termine topico
Termine topico o nome geografico come accesso sessualità
9 (RLIN) 56091
654 ## - Accesso aggiunto di soggetto--termini topici faccettati
Termine principale saggio
942 ## - Dati aggiuntivi (Koha)
Fonte della classificazione o dello schema di collocazione (segnatura) Dewey Decimal Classification
Tipo copia default (Koha) LIBRO
Dati di copia
Ritirato (status) Perso (status) Fonte della classificazione o dello schema di collocazione (segnatura) Danneggiato (status) Non per il presito Biblioteca proprietaria Biblioteca in cui si trova Data d'acquisizione Totale prestiti Collocazione Codice a barre Data ultima operazione Prezzo in vigore dal Tipo copia default (Koha)
    Dewey Decimal Classification Buone Condizioni Not For Loan CISF - Milano CISF - Milano 16/04/2019   b7517 9788868795498 16/04/2019 16/04/2019 LIBRO
CREDITS: SOCIETA' SAN PAOLO Via A.Severo, 58 - ROMA (RM) & PERIODICI SAN PAOLO SRL Via Giotto, 36 MILANO & CISF Via Giotto, 36 MILANO & EDIZIONI SAN PAOLO SRL,  Piazza Soncino, 5 CINISELLO BALSAMO (MI) -- ITALY